Lion King characters by picture - Statistics

General Stats
  • This quiz has been taken 158 times
  • The average score is 10 of 16
Answer Stats
Picture Answer % Correct
Scar
98%
Simba
98%
Mufasa
95%
Pumbaa
95%
Nala
93%
Timon
91%
Rafiki
78%
Zazu
73%
Sarabi
60%
Ed
54%
Kiara
49%
Shenzi and Banzai
45%
Kovu
42%
Zira
30%
Nuka
23%
Vitani
23%
No matching quizzes found
Score Distribution
Percent of People with Each Score
Percentile by Number Answered
Your Score History
You have not taken this quiz